Выступление артиста Г. Н. Палина в одной из частей под командованием генерала армии К. К. Рокоссовского

RUSMARC
00004756ckm0a2200313#x 450
001936a43ac-f684-4e77-9512-4e2007f2be0b
00520240415161311.0
100##$a20240411d1944####k###0rusy50 ca
1010#$arus
102##$aRU
116##$afiybxx####zz####zz
1220#$ad1944######
2001#$aВыступление артиста Г. Н. Палина в одной из частей под командованием генерала армии К. К. Рокоссовского
$j1944 г.
251##$cДокумент
300##$aФотография
461#0$12001
$aФ. Р-5508
$1251
$cФонд
$1852
$jР-5508
462#0$12001
$aОп. 3
$1251
$cОпись
$1852
$j3
462#0$12001
$aД. 322
$vЛ. 214
$1251
$cДело
$1852
$j322
600#1$2prlib_sh
$3LIBNET\UAF\0000111750
$aПалин
$bГ. Н.
$gГригорий Николаевич
$f1899 - 1977
$jФотографии
605##$2prlib_sh
$3LIBNET\UAF\0000088514
$aВторая мировая война в архивных документах (Комплекс оцифрованных архивных документов, кино- и фотоматериалов)
$lколлекция
6061#$2nlr_sh
$3RU\NLR\AUTH\6615750
$aВеликая Отечественная война
$z1941 - 1945
$xГерои и героизм
$jФотографии
608##$2prlib_sh
$3LIBNET\UAF\0000110286
$aДокументальные фотографии
$z1944
686##$a63.3(2)622,13я61
$vLBC/M
$2rubbk
686##$a63.3(2)622-7я61
$vLBC/M
$2rubbk
801#0$aRU
$bПБ им. Б.Н. Ельцина
$c20240411
801#1$aRU
$bПБ им. Б.Н. Ельцина
$c20240411
$2rusmarc
801#2$aRU
$bПБ им. Б.Н. Ельцина
$c20240415
$2rusmarc
850##$aГосударственный архив Российской Федерации
852##$aГА РФ
$jЛ. 214
035##$aLIBNET\0001393760
937##$d191810051
$hФедеральное архивное агентство
8564#$uhttp://readingroom.main.prlib.ru/item.aspx?id_node=n191810051&mode=full
Формат отображения